Statistics for The Civil Wars Quiz

Click here to take the quiz!

General Stats

  • This quiz has been taken 32 times
  • The average score is 11 of 20

Answer Stats

ContributorsYearCountry% Correct
Union and Confederacy1861-1865United States
96%
Mensheviks, Bolsheviks, and Royalists1917-1923Russia
93%
Hezbollah, Interim, ISIL, etc.2011-Syria
89%
Hutus and Tutsis1990-1994Rwanda
82%
Tamil Tigers and SLAF1983-2009Sri Lanka
82%
Interahamwe, UNITA, Zaire, etc.1996-1997Democratic Republic of the Congo
71%
Lancaster, York, and Burgundy1455-1485England
71%
Hellenic Army and PDG1946-1949Greece
68%
Khmer Republic, GRUNK, and VC1967-1975Cambodia
64%
Republicans, Anarchists, and Communists1936-1939Spain
57%
Houthis, Hadis, ISIL, etc.2015-Yemen
57%
Communists and Republicans1927-1936 1945-1950China
46%
Populares and Optimates49 BC-45 BCRoman Republic
46%
Pathet Lao and FAN1962-1975Laos
43%
Biafra and NA1967-1970Nigeria
32%
SNA, SSDF, SNM, Al-Qaeda, ISIL, etc.1991-Somalia
21%
MPLA, UNITA, and FNLA1975-2002Angola
18%
SLA, Amal, Islamic Unification Movement, etc.1975-1990Lebanon
14%
SPLA (main) and SPLM (opposition)2013-2018South Sudan
11%
Anyanya, SAF, SPLA, and SSDF1955-1972 1983-2005Sudan
7%

Score Distribution

Percentile by Number Answered

Percent of People with Each Score

Your Score History

You have not taken this quiz